000 00630nam a2200217 a 4500
001 BRCA_3593
005 20190320204339.0
008 070809s1958----gw-a---###---#000-0#ger-#
041 _ager
044 _agw
050 4 _aNK2270
_b.M45 1958
100 1 _aMeister, Peter Wilhelm
_99330
245 1 0 _aDas Schöne Möbel im Lauf der Jahrhunderte
_cHerausgegeben von Peter W. Meister und Hermann Jedding.
260 _aHeildelberg, Alemania
_bKeyser
_c1958
300 _a392 p.
_bil.
_c23 cm.
500 _aB263
650 1 4 _aMuebles
_xHistoria
_94173
700 1 _aJedding, Hermann
_ecoaut
_99331
902 _aGFM
942 _2lcc
_cB
999 _c3328
_d3328